La polémica en torno a la ejecución de honorarios desarrollados con posterioridad a la presentación concursal, respecto de créditos de causa anterior (Registro nro. 20848)

Detalles MARC
000 -LEADER
fixed length control field 00483 a2200121 4500
001 - CONTROL NUMBER
control field ART_39023
005 - DATE AND TIME OF LATEST TRANSACTION
control field 20260410161804.0
008 - FIXED-LENGTH DATA ELEMENTS--GENERAL INFORMATION
fixed length control field 260409a
100 1# - MAIN ENTRY--PERSONAL NAME
Personal name Junyent Bas, Francisco
245 10 - TITLE STATEMENT
Title La polémica en torno a la ejecución de honorarios desarrollados con posterioridad a la presentación concursal, respecto de créditos de causa anterior
700 1# - ADDED ENTRY--PERSONAL NAME
Personal name Izquierdo, Silvina
773 0# - HOST ITEM ENTRY
Title Doctrina Societaria y Concursal
Related parts - Nº 322 (sep. 2014)
Record control number REV4298

No hay ítems disponibles.